[Event "GER-chT U20"]
[Site "Borken"]
[Date "2016.12.27"]
[Round "1.5"]
[White "Zimmer, Raphael"]
[Black "De Andrade, Leon"]
[Result "1-0"]
[WhiteElo "2169"]
[BlackElo "1644"]
[PlyCount "111"]
[EventDate "2016.12.27"]
[EventType "team-swiss"]
[EventRounds "7"]
[EventCountry "GER"]
[SourceTitle "EXT 2018"]
[Source "ChessBase"]
[SourceDate "2017.10.13"]
[SourceVersion "1"]
[SourceVersionDate "2017.10.13"]
[SourceQuality "1"]
[WhiteTeam "Sasbach"]
[BlackTeam "Frankfurt"]
[WhiteTeamCountry "GER"]
[BlackTeamCountry "GER"]

1. e4 e6 2. Nf3 d5 3. exd5 exd5 4. d4 Nc6 5. h3 Bd6 6. c4 Qe7+ 7. Be2 dxc4 8. 0-0 Nf6 9. Bxc4 0-0 10. Re1 Qd8 11. Nc3 h6 12. a3 Bf5 13. d5 Nb8 14. Nd4 Bg6 15. Qf3 Nbd7 16. Bf4 Nb6 17. Bxd6 Qxd6 18. Ba2 Rfd8 19. Rad1 a6 20. Nf5 Bxf5 21. Qxf5 Rd7 22. Re5 g6 23. Qf4 Re7 24. Rde1 Rae8 25. Ne4 Nxe4 26. Rxe7 Qxf4 27. Rxe8+ Kg7 28. R8xe4 Qd2 29. R4e2 Qd4 30. Rc2 Nxd5 31. Bxd5 Qxd5 32. Rxc7 Kf6 33. g3 Qd2 34. Ree7 Qxb2 35. Rxf7+ Ke6 36. Rxb7 Qxa3 37. Rf4 Qa5 38. Rbb4 Ke5 39. Rfe4+ Kf6 40. Ra4 Qb5 41. Reb4 Qc6 42. Ra2 Qe6 43. Rba4 Qxh3 44. Rxa6+ Kf7 45. Ra7+ Kf8 46. Ra8+ Kf7 47. R2a7+ Kf6 48. Ra6+ Kg5 49. Rg8 Qf5 50. Raxg6+ Qxg6 51. Rxg6+ Kxg6 52. Kg2 Kf6 53. Kh3 Kg5 54. f4+ Kh5 55. g4+ Kg6 56. Kh4 1-0

[Event "Hofheim Spring op-B 3rd"]
[Site "Hofheim"]
[Date "2015.04.09"]
[Round "4"]
[White "Fuell, Klaus Dieter"]
[Black "De Andrade, Leon"]
[Result "1-0"]
[WhiteElo "1877"]
[BlackElo "1678"]
[PlyCount "47"]
[EventDate "2015.04.07"]
[EventType "swiss"]
[EventRounds "9"]
[EventCountry "GER"]
[SourceTitle "CBM 166 Extra"]
[Source "ChessBase"]
[SourceDate "2015.06.18"]
[SourceVersion "1"]
[SourceVersionDate "2015.06.18"]
[SourceQuality "1"]

1. e4 e6 2. d4 d5 3. Nd2 Nf6 4. e5 Nfd7 5. Bd3 c5 6. c3 Nc6 7. Ne2 Qb6 8. Nf3 Be7 9. 0-0 0-0 10. Bc2 Re8 11. Ng5 Bxg5 12. Bxg5 cxd4 13. cxd4 Qxb2 14. Qd3 Nf8 15. Rab1 Nb4 16. Rxb2 Nxd3 17. Bxd3 h6 18. Bd2 a6 19. Rc1 Rb8 20. Bb4 b5 21. Rc7 Nd7 22. Ba5 Rb7 23. Rbc2 Rxc7 24. Rxc7 1-0

[Event "Hofheim Spring op-B 3rd"]
[Site "Hofheim"]
[Date "2015.04.08"]
[Round "3"]
[White "De Andrade, Leon"]
[Black "Lanz, Udo"]
[Result "1-0"]
[WhiteElo "1678"]
[BlackElo "1886"]
[PlyCount "57"]
[EventDate "2015.04.07"]
[EventType "swiss"]
[EventRounds "9"]
[EventCountry "GER"]
[SourceTitle "CBM 166 Extra"]
[Source "ChessBase"]
[SourceDate "2015.06.18"]
[SourceVersion "1"]
[SourceVersionDate "2015.06.18"]
[SourceQuality "1"]

1. d4 d5 2. c4 e6 3. Nc3 Nf6 4. cxd5 exd5 5. Bg5 Be7 6. Qc2 h6 7. Bh4 0-0 8. e3 c6 9. Bd3 Re8 10. Nf3 Bg4 11. Nd2 Nbd7 12. 0-0 Nf8 13. a3 a5 14. Rfb1 Bh5 15. Ra2 Bg6 16. h3 Bxd3 17. Qxd3 Ng6 18. Bg3 Bd6 19. Bxd6 Qxd6 20. Qc2 Qe6 21. b4 axb4 22. axb4 Nh4 23. b5 Nf5 24. Rxa8 Rxa8 25. Nb3 Nd7 26. bxc6 bxc6 27. Ne2 Rc8 28. Nf4 Qe7 29. Qxf5 1-0

[Event "Eschborn op 11th"]
[Site "Eschborn"]
[Date "2014.09.06"]
[Round "3"]
[White "Hoerner, Rolf"]
[Black "De Andrade, Leon"]
[Result "1-0"]
[WhiteElo "1685"]
[BlackElo "1394"]
[PlyCount "55"]
[EventDate "2014.09.05"]
[EventType "swiss"]
[EventRounds "5"]
[EventCountry "GER"]
[SourceTitle "EXT 2015"]
[Source "ChessBase"]
[SourceDate "2014.11.20"]
[SourceVersion "1"]
[SourceVersionDate "2014.11.20"]
[SourceQuality "1"]

1. d4 e6 2. c4 d5 3. e3 Nf6 4. Nc3 b6 5. Nf3 Bb7 6. Bd3 Be7 7. 0-0 0-0 8. Qc2 dxc4 9. Bxc4 Bxf3 10. gxf3 c5 11. Rd1 cxd4 12. Rxd4 Qc7 13. Be2 Qc5 14. f4 Nc6 15. Rc4 Nb4 16. Qb3 Qa5 17. a3 Rac8 18. Rxb4 Bxb4 19. Qxb4 Qxb4 20. axb4 Ra8 21. Bf3 Nd5 22. Nxd5 exd5 23. Bxd5 Rad8 24. e4 Kh8 25. Rxa7 f5 26. f3 fxe4 27. fxe4 Rxf4 28. Bxf4 1-0